WWE Current Champions 2020 (March) - Statistics

General Stats
  • This quiz has been taken 85 times
  • The average score is 6 of 9
Answer Stats
Question Answer % Correct
Who is the Smackdown Women’s Champion? Bayley
83%
Who is the Raw Women’s Champion? Becky Lynch
83%
Who are the Women’s Tag Team Champions? The Kabuki Warriors
83%
Who is the United States Champion? Andrade
67%
Who is the Intercontinental Champion? Sami Zayn
67%
Who are the Raw Tag Team Champions? The Street Profits
67%
Who is the WWE Champion? Brock Lesnar
50%
Who is the Universal Champion? Goldberg
50%
Who are the Smackdown Tag Team Champions? John Morrison and The Miz
50%
No matching quizzes found
Score Distribution
Percent of People with Each Score
Percentile by Number Answered
Your Score History
You have not taken this quiz